000 00337 a2200157 4500
003 Nust
005 20170207153428.0
020 _a8172234805
040 _cNust
082 _a808.83
100 _aSheldon,Sidney
245 _aThe Sands of Time
_cSidney Sheldon
260 _aNew Delhi
_bHarper Collins
300 _a365:p
650 _aFIction
942 _2ddc
_cBK
999 _c186039
_d186039